Periodismo social: una nueva disciplina
Saved in:
| Hovedforfatter: | |
|---|---|
| Format: | Bog |
| Sprog: | spansk |
| Udgivet: |
Buenos Aires
La Crujía
2009
|
| Udgivelse: | 2a. ed |
| Serier: | Inclusiones: Categorías
|
| Fag: | |
| Tags: |
Tilføj Tag
Ingen Tags, Vær først til at tagge denne postø!
|
MARC
| LEADER | 00000cam a2200000 a 4500 | ||
|---|---|---|---|
| 001 | UCG1453 | ||
| 003 | CL-VaPUC | ||
| 008 | 100506e20090000AG |||||||||||||||||spa|d | ||
| 020 | |a 9789876010832 | ||
| 082 | 0 | 4 | |a 070.4 |b CYT |2 21 |
| 100 | 0 | |a Cytrynblum, Alicia |e author |9 549398 | |
| 245 | 1 | 0 | |a Periodismo social: una nueva disciplina |
| 250 | |a 2a. ed | ||
| 300 | |a 224 p | ||
| 942 | |c BK | ||
| 945 | |d 20100506 00:00:00 |a rbrito | ||
| 260 | |a Buenos Aires |b La Crujía |c 2009 | ||
| 650 | 0 | |a Periodismo |9 310113 | |
| 650 | 0 | |a Medios de comunicación de masas |9 257273 | |
| 583 | |a last modification |c 20121214 12:06:36 |k Rodrigo Vera | ||
| 490 | 0 | |a Inclusiones: Categorías | |
| 999 | |c 340819 |d 340817 | ||
| 952 | |0 0 |1 0 |4 0 |6 070_400000000000000_CYT_2009 |7 0 |8 A |9 435863 |a BIBCUR |b BIBCUR |d 2019-11-22 |i 466874K |l 1 |o 070.4 CYT 2009 |p 466874K |r 2025-04-22 |s 2022-06-02 |w 2019-11-22 |y BK |k MGC | ||
| 952 | |0 0 |1 0 |4 0 |6 070_400000000000000_CYT_2009 |7 0 |8 A |9 435864 |a BIBCUR |b BIBCUR |d 2019-11-22 |i 4935349 |o 070.4 CYT 2009 |p 4935349 |r 2025-04-22 |w 2019-11-22 |y BK |k PER | ||